000 00896nam a2200265Ia 4500
003 OSt
005 20221005105637.0
006 a|||||r|||| 00| 0
007 ta
008 221004b |||||||| |||| 00| 0 hin d
020 _c195
024 _a115588
037 _b370/17/2, 13/04/2012, Vani prakashan
_cTextual
040 _aCRL
_cCRL
_bhin
041 _2hin
_ahin
082 _aO152,1N451x, Q0
100 _aनन्दकिशोर
245 0 _aगाना चाहता पतझड़
246 _aGānā chāhatā patazaड़
260 _aनई दिल्ली
_bवाणी प्रकाशन भारत
_c2010
300 _a128पृ0
_ccm.
650 _aहिन्दी साहित्य
942 _hO152,1N451x, Q0
_cTEXL
_2cc
999 _c1016442
_d1016442